O jakie państwo chodzi? - Statystyki

Ogólne statystyki
  • Ten quiz został rozwiązany 549 razy
  • Średni wynik to 7 z 15
Statystyki odpowiedzi
Opis flagi Państwo % Poprawnych
Najmniejszy kraj na świecie. Watykan
96%
Kraj ten posiada najwyższy szczyt na Ziemii. Nepal
80%
Kraj ten posiada największą wyspę na świecie (terytorium autonomiczne). Dania
79%
Kraj posiadający najwięcej wysp w Europie. Szwecja
62%
Kraj, w którym jest najtrudniej dostać obywatelstwo. Chiny
61%
Uznawane za najbezpieczniejsze państwo na świecie. Islandia
60%
Najmłodsze państwo na świecie. Sudan Południowy
58%
Kraj ten posiada najwięcej czynnych wulkanów na świecie. Indonezja
38%
Kraj ten posiada największy piłkarski stadion świata (gra na nim regularnie drużyna). Indie
29%
Jedyne państwo na świecie posiadające kolor fioletowy na swojej fladze. Dominika
28%
Państwo te nie posiada żadnego z trzech najpopularniejszych kolorów w flagach: czerwony, biały, niebieski. Jamajka
25%
Kraj posiadający najdłuższą nazwę miasta na świecie. Walia
18%
Jedyny kraj na świecie, który nie ma oficjalnej stolicy. Nauru
14%
Lasy zajmują aż 90,20% jego powierzchni. Surinam
11%
Kraj ten posiada najcięższy budynek na świecie. Węgry
7%
Nie znaleziono quizów pasujących do podanych kryteriów
Rozkład punktacji
Procent ludzi z każdym wynikiem
Percentyl według liczby udzielonych odpowiedzi
Twoja historia wyników
Nie rozwiązałeś tego quizu